Statistics for All-Time Charlotte Hornets Players

Click here to take the quiz!

General Stats

  • This quiz has been taken 4 times
  • The average score is 6 of 9

Answer Stats

Years in NBAAnswer% Correct
2011-2023Kemba Walker
100%
1991–2001Larry Johnson
100%
1987-2001Muggsy Bogues
100%
1986-2002Dell Curry
75%
1989-2004Glen Rice
75%
2018-presentMiles Bridges
75%
2015-presentTerry Rozier
50%
1993-2006David Wesley
25%
2005-2019Raymond Felton
25%

Score Distribution

Percentile by Number Answered

Percent of People with Each Score

Your Score History

You have not taken this quiz